Doing Rapid Qualitative Research (Record no. 43342)

MARC details
000 -LEADER
fixed length control field 00438nam a22001697a 4500
005 - DATE AND TIME OF LATEST TRANSACTION
control field 20250318165236.0
008 - FIXED-LENGTH DATA ELEMENTS--GENERAL INFORMATION
fixed length control field 250318b |||||||| |||| 00| 0 eng d
020 ## - INTERNATIONAL STANDARD BOOK NUMBER
International Standard Book Number 9781526497369
041 ## - LANGUAGE CODE
Language code of text/sound track or separate title Eng
082 ## - DEWEY DECIMAL CLASSIFICATION NUMBER
Classification number 001.42 PAD
100 ## - MAIN ENTRY--PERSONAL NAME
Author Padros, Cecilia Vindrola
245 ## - TITLE STATEMENT
Title Doing Rapid Qualitative Research
260 ## - PUBLICATION, DISTRIBUTION, ETC.
Place London
Publisher Sage Publication
Publication Year 2021
300 ## - PHYSICAL DESCRIPTION
Extent 179;. P. 24 cm
650 ## - SUBJECT ADDED ENTRY--TOPICAL TERM
Subject Research-Methodology
942 ## - ADDED ENTRY ELEMENTS (KOHA)
Koha item type Books
Holdings
Withdrawn status Lost status Source of classification or shelving scheme Damaged status Not for loan Home library Current library Shelving location Accession Date Vendor Price Bill number Full call number Barcode No Date last seen Discount Bill Date Koha item type Suggested By
    Dewey Decimal Classification     IMTN IMTN Rack 1-A 03/18/2025 Raghav Books Private Limited 4005.69 2374 001.42 PAD 33633 03/18/2025 33 02/14/2025 Books Dr. Ajitabh Dash
Designed & Maintained by: LRC IMT Nagpur Contact: lrc@imtnag.ac.in© 2024. All Rights Reserved.